[Event "Wch Blitz (Women)"]
[Site "Samarkand"]
[Date "2023.12.30"]
[Round "12"]
[White "Yan, Tianqi"]
[Black "Zhunusbekova, Aymunzhok"]
[Result "0-1"]
[WhiteElo "2302"]
[BlackElo "1527"]
[PlyCount "96"]
[EventDate "2023.12.29"]
[EventType "swiss (blitz)"]
[EventRounds "17"]
[EventCountry "UZB"]
[SourceTitle "CB01_2024"]
[SourceDate "2024.01.03"]
[SourceVersion "1"]
[SourceVersionDate "2024.01.03"]
[SourceQuality "1"]

1. e4 e6 2. d4 d5 3. Nd2 c5 4. exd5 Qxd5 5. Ngf3 cxd4 6. Bc4 Qd6 7. 0-0 Nc6 8. Nb3 Bd7 9. Nbxd4 Nxd4 10. Nxd4 Nf6 11. c3 h6 12. Qf3 0-0-0 13. Be3 Qc7 14. Bb5 a6 15. Bxd7+ Rxd7 16. a4 Bd6 17. h3 Nd5 18. b4 g5 19. b5 a5 20. c4 Nxe3 21. fxe3 h5 22. Qf6 Rg8 23. c5 Be5 24. Qh6 g4 25. c6 Rxd4 26. exd4 Bxd4+ 27. Kh1 Bxa1 28. Rxa1 gxh3 29. Rc1 Qg3 30. Qd2 hxg2+ 31. Kg1 Rd8 32. cxb7+ Kxb7 33. Qxd8 Qe3+ 34. Kxg2 Qxc1 35. Qd7+ Qc7 36. Qd4 Qc2+ 37. Kh3 Qf5+ 38. Kh2 Qc2+ 39. Kg1 Qc1+ 40. Kf2 Qc2+ 41. Kf3 Qf5+ 42. Ke3 Qg5+ 43. Kf2 Qf5+ 44. Kg2 Qd5+ 45. Qxd5+ exd5 46. Kg3 Kb6 47. Kf4 Kc5 48. Ke5 h4 0-1

[Event "Wch Rapid (Women)"]
[Site "Samarkand"]
[Date "2023.12.28"]
[Round "10"]
[White "Shuvalova, Polina"]
[Black "Yan, Tianqi"]
[Result "1-0"]
[WhiteElo "2475"]
[BlackElo "2302"]
[PlyCount "49"]
[EventDate "2023.12.26"]
[EventType "swiss (rapid)"]
[EventRounds "11"]
[EventCountry "UZB"]
[SourceTitle "CB01_2024"]
[SourceDate "2024.01.03"]
[SourceVersion "1"]
[SourceVersionDate "2024.01.03"]
[SourceQuality "1"]

1. e4 e6 2. d4 d5 3. Nd2 c5 4. exd5 Qxd5 5. Ngf3 cxd4 6. Bc4 Qd6 7. 0-0 Nf6 8. Nb3 Nc6 9. Nbxd4 Nxd4 10. Nxd4 a6 11. Re1 Qc7 12. Bd3 Bd6 13. h3 0-0 14. Qf3 Bd7 15. Bg5 Bh2+ 16. Kh1 Be5 17. Qe3 Bd6 18. Rad1 Rad8 19. c3 Bc6 20. Bxf6 gxf6 21. Qh6 f5 22. Bxf5 exf5 23. Qg5+ Kh8 24. Qf6+ Kg8 25. Nxf5 1-0

[Event "Wch Rapid (Women)"]
[Site "Samarkand"]
[Date "2023.12.28"]
[Round "9"]
[White "Zaksaite, Salomeja"]
[Black "Yan, Tianqi"]
[Result "0-1"]
[WhiteElo "2212"]
[BlackElo "2302"]
[PlyCount "60"]
[EventDate "2023.12.26"]
[EventType "swiss (rapid)"]
[EventRounds "11"]
[EventCountry "UZB"]
[SourceTitle "CB01_2024"]
[SourceDate "2024.01.03"]
[SourceVersion "1"]
[SourceVersionDate "2024.01.03"]
[SourceQuality "1"]

1. d4 Nf6 2. Nc3 d5 3. Bf4 c5 4. e4 Nxe4 5. Nxe4 dxe4 6. dxc5 Nd7 7. b4 e5 8. Be3 Be7 9. Qd5 a5 10. b5 Nxc5 11. Qxd8+ Kxd8 12. 0-0-0+ Kc7 13. Rd5 Nd7 14. b6+ Nxb6 15. Rxe5 Ba3+ 16. Kb1 Rd8 17. Bxb6+ Kxb6 18. Be2 Rd4 19. Rb5+ Kc7 20. Nh3 Rd2 21. Nf4 Bd7 22. Rd5 Rxd5 23. Nxd5+ Kc6 24. Rd1 Be6 25. Bb5+ Kc5 26. Nc7 Rc8 27. Nxe6+ Kxb5 28. Nd4+ Kb6 29. Re1 Rc4 30. Rxe4 Rb4+ 0-1

[Event "Shenzhen Nanshan (Women)"]
[Site "Shenzhen"]
[Date "2023.10.13"]
[Round "3.1"]
[White "Zhu, Jiner"]
[Black "Yan, Tianqi"]
[Result "1-0"]
[WhiteElo "2493"]
[BlackElo "2302"]
[PlyCount "73"]
[EventDate "2023.10.11"]
[EventType "k.o."]
[EventRounds "3"]
[EventCountry "CHN"]
[SourceTitle "Mega2024 Update 01"]
[Source "Chessbase"]
[SourceDate "2023.11.12"]
[SourceVersion "1"]
[SourceVersionDate "2023.11.12"]
[SourceQuality "1"]

1. e4 e6 2. d4 d5 3. Nc3 Nf6 4. e5 Nfd7 5. f4 c5 6. Nf3 Nc6 7. Be3 cxd4 8. Nxd4 Qb6 9. Qd2 Qxb2 10. Rb1 Qa3 11. Bb5 Nxd4 12. Bxd4 a6 13. Bxd7+ Bxd7 14. Rb3 Qe7 15. Rxb7 Qh4+ 16. Qf2 Qxf2+ 17. Kxf2 Be7 18. Rhb1 Bd8 19. Ke3 Bc6 20. Rb8 Rxb8 21. Rxb8 Kd7 22. Bb6 Bxb6+ 23. Rxb6 Ra8 24. Kd4 h6 25. f5 exf5 26. Nxd5 Bxd5 27. Kxd5 Kc7 28. Rc6+ Kd7 29. c4 Rb8 30. Rxa6 Rb2 31. Ra7+ Ke8 32. c5 Rd2+ 33. Kc4 Rxg2 34. c6 f4 35. Ra8+ Ke7 36. Kd3 f3 37. c7 1-0

[Event "CHN-chT DivA"]
[Site "Fuling"]
[Date "2023.06.15"]
[Round "9.6"]
[White "Li, Yunshan"]
[Black "Yan, Tianqi"]
[Result "1/2-1/2"]
[WhiteElo "2283"]
[BlackElo "2246"]
[PlyCount "77"]
[EventDate "2023.06.05"]
[EventType "team-tourn"]
[EventRounds "11"]
[EventCountry "CHN"]
[SourceTitle "CBM 214 Extra"]
[Source "ChessBase"]
[SourceDate "2023.07.31"]
[SourceVersion "1"]
[SourceVersionDate "2023.07.31"]
[SourceQuality "1"]
[WhiteTeam "Beijing"]
[BlackTeam "Hangzhou Bank"]
[WhiteTeamCountry "CHN"]
[BlackTeamCountry "CHN"]

1. d4 Nf6 2. c4 e6 3. Nc3 Bb4 4. Qc2 d5 5. cxd5 exd5 6. Bg5 h6 7. Bh4 c5 8. dxc5 0-0 9. e3 Be6 10. Nf3 Nbd7 11. Be2 Nxc5 12. 0-0 Rc8 13. Nd4 Nce4 14. Bxf6 Nxf6 15. Qb3 Bxc3 16. bxc3 Qc7 17. Rfc1 Ne4 18. Rc2 Nd6 19. Bf3 Qc5 20. Rd1 Rfd8 21. h3 Kh8 22. Bg4 Bxg4 23. hxg4 Rd7 24. Ne2 Nc4 25. Rd4 Re8 26. Nf4 Ne5 27. Rcd2 Red8 28. Nd3 Nxd3 29. R2xd3 Qa5 30. a4 a6 31. Qd1 Rc8 32. g5 hxg5 33. c4 Qc7 34. Qh5+ Kg8 35. Qxg5 Rd6 36. Qe5 dxc4 37. Qxd6 Qxd6 38. Rxd6 cxd3 39. Rxd3 1/2-1/2

[Event "China zt 3.5 (Women)"]
[Site "Shenzhen"]
[Date "2023.04.07"]
[Round "3"]
[White "Lu, Miaoyi"]
[Black "Yan, Tianqi"]
[Result "0-1"]
[WhiteElo "2305"]
[BlackElo "2178"]
[PlyCount "88"]
[EventDate "2023.04.05"]
[EventType "swiss"]
[EventRounds "9"]
[EventCountry "CHN"]
[SourceTitle "CBM 213 Extra"]
[Source "ChessBase"]
[SourceDate "2023.05.31"]
[SourceVersion "1"]
[SourceVersionDate "2023.05.31"]
[SourceQuality "1"]

1. Nf3 Nf6 2. e3 c5 3. b3 d5 4. Bb2 Nc6 5. Bb5 Bd7 6. 0-0 e6 7. c4 dxc4 8. bxc4 Be7 9. d4 cxd4 10. exd4 0-0 11. Ba4 Rc8 12. Nbd2 Qa5 13. Re1 Bb4 14. Bc2 Bxd2 15. Nxd2 Qh5 16. Qb1 Qh6 17. Re3 Rfe8 18. Nf1 Nh5 19. Rh3 e5 20. Bc1 g5 21. Rh4 Nxd4 22. Ng3 Rxc4 23. Bd3 Nf3+ 24. gxf3 Rxh4 25. Qxb7 Be6 26. Qc6 Rc8 27. Nf5 Qf6 28. Qd6 Bxf5 29. Qxf6 Nxf6 30. Bxf5 Rc6 31. Bxg5 Rh5 32. h4 h6 33. Bxf6 Rxf5 34. Be7 Rxf3 35. Kg2 Rf4 36. h5 Rf5 37. Kg3 Rc7 38. Bd6 Rd7 39. Bc5 Rxh5 40. Be3 f5 41. f4 Rg7+ 42. Kf3 e4+ 43. Ke2 Rh2+ 44. Bf2 Rgg2 0-1